Susurros de una escuela rural : (Record no. 9114)

000 -CABECERA
fixed length control field 00785nam a22002057a 4500
003 - IDENTIFICADOR DEL NÚMERO DE CONTROL
control field AR-CdUCM
008 - DATOS DE LONGITUD FIJA--INFORMACIÓN GENERAL
fixed length control field 190327b ||||| |||| 00| 0 spa d
040 ## - FUENTE DE LA CATALOGACIÓN
Agencia/entidad que catalogó originalmente la obra MUNICIPALIDAD PROVINCIAL DEL CUSCO
Entidad que transcribió la catalogación BIBLIOTECA MUNICIPAL DEL CUSCO
082 ## - NÚMERO DE LA CLASIFICACIÓN DECIMAL DEWEY
No. de Clasificación 869.56 /
Notacion interna K76
100 ## - ENTRADA PRINCIPAL--NOMBRE DE PERSONA
Nombre Personal Korawa Mormontoy, Alexander,
245 ## - MENCIÓN DE TÍTULO
Título Susurros de una escuela rural :
Resto del título relatos y poesías /
260 ## - PUBLICACIÓN, DISTRIBUCIÓN, ETC.
Lugar de publicación, distribución, etc. La Convención,
Nombre de la editorial, distribuidor, etc. Lima : Gráfica Ramos
Fecha de publicación, distribución, etc. 2016
300 ## - DESCRIPCIÓN FÍSICA
Nº de Páginas Extensión 98 paginas ,
Dimensiones 21 cm.
505 ## - NOTA DE CONTENIDO CON FORMATO
Nota de contenido formateada Contenido :Historia de la escuela -- La primera comunión en la escuela -- Un pino -- El corazón de dice que hay -- La familia escolar ...
650 ## - PUNTO DE ACCESO ADICIONAL DE MATERIA--TÉRMINO DE MATERIA
Descriptor Relatos y poesias
9 (RLIN) 25126
650 ## - PUNTO DE ACCESO ADICIONAL DE MATERIA--TÉRMINO DE MATERIA
Descriptor Escuelas
9 (RLIN) 8170
650 ## - PUNTO DE ACCESO ADICIONAL DE MATERIA--TÉRMINO DE MATERIA
Descriptor Historias cusqueñas
9 (RLIN) 25127
942 ## - ELEMENTOS DE PUNTO DE ACCESO ADICIONAL (KOHA)
Fuente de clasificación
Tipo de item Libros-BMC
945 ## - PROCESAMIENTO DE INFORMACIÓN LOCAL (OCLC)
Catalogador wnts
Holdings
Estado de retiro (separado) Fuente de clasificación o esquema de estanterías Estado dañado Ubicación Sala donde se ubica Nombre de la colección Fecha de adquisición o compra Costo, precio normal en soles Signatura topográfica Código de Barras Última vez visto (Koha) Tipo de ítem (Koha)
No     Sala Humanidades Sala Humanidades Book Cart 2019-03-27 20.00 869.56 / K76 SH0000009897 2019-03-27 Libros-BMC
No     Sala Humanidades Sala Humanidades Book Cart 2019-03-27 20.00 869.56 / K76 / e.2 SH0000009901 2019-03-27 Libros-BMC

Powered by Koha